Handy Manny's motorcycle adventure / (Record no. 3425)

MARC details
000 -LEADER
fixed length control field 00913nam a22003017a 4500
001 - CONTROL NUMBER
control field 3425
003 - CONTROL NUMBER IDENTIFIER
control field FISKH
005 - DATE AND TIME OF LATEST TRANSACTION
control field 20250612123128.0
008 - FIXED-LENGTH DATA ELEMENTS--GENERAL INFORMATION
fixed length control field 240304b cb ||||| |||| 00| 0 eng d
020 ## - INTERNATIONAL STANDARD BOOK NUMBER
International Standard Book Number 708431201934
040 ## - CATALOGING SOURCE
Original cataloging agency FISKH
Language of cataloging eng
Transcribing agency FISKH
Modifying agency FISKH
050 ## - LIBRARY OF CONGRESS CALL NUMBER
Classification number 546
082 ## - DEWEY DECIMAL CLASSIFICATION NUMBER
Classification number PZ7
100 ## - MAIN ENTRY--PERSONAL NAME
Personal name Amerikaner, Sussan
Relator term author
245 ## - TITLE STATEMENT
Title Handy Manny's motorcycle adventure /
Statement of responsibility, etc. by Susan Amerikaner ; illustrated by Kelvin Nguyen
260 ## - PUBLICATION, DISTRIBUTION, ETC.
Place of publication, distribution, etc. California :
Name of publisher, distributor, etc. LeapFrog Enterprise ,
Date of publication, distribution, etc. 2009
300 ## - PHYSICAL DESCRIPTION
Extent 25 pages :
Other physical details color illustrations ;
Dimensions 24 cm .
490 ## - SERIES STATEMENT
Series statement Handy Manny
505 ## - FORMATTED CONTENTS NOTE
Formatted contents note J <br/>
520 ## - SUMMARY, ETC.
Summary, etc. Handy Manny goes on a motorcycle adventure.
521 8# - TARGET AUDIENCE NOTE
Target audience note 500 <br/><br/>
Source Lexile estimate <br/>
521 8# - TARGET AUDIENCE NOTE
Target audience note J <br/><br/>
Source Raz-Plus <br/>
600 ## - SUBJECT ADDED ENTRY--PERSONAL NAME
Source of heading or term Handy Manny
Form subdivision Fiction
650 ## - SUBJECT ADDED ENTRY--TOPICAL TERM
Topical term or geographic name entry element motorcycle
Form subdivision Fiction
700 ## - ADDED ENTRY--PERSONAL NAME
Personal name Nguyen, Kelvin
Relator term illustrator
942 ## - ADDED ENTRY ELEMENTS (KOHA)
Source of classification or shelving scheme Dewey Decimal Classification
Koha item type Books
Suppress in OPAC No
Holdings
Withdrawn status Lost status Source of classification or shelving scheme Damaged status Not for loan Collection Home library Current library Shelving location Date acquired Total Checkouts Full call number Barcode Date last seen Date last checked out Copy number Price effective from Koha item type
    Dewey Decimal Classification     Juvenile Fiction Footprints International School Library Network Toul Tom Poung Campus Footprints International School Library Network Toul Kork Campus TTP Primary Dark Blue Bookshelves 03/05/2024 3 SUS 546 2024-0217 09/19/2025 09/12/2025 1 03/05/2024 Books
    Dewey Decimal Classification     Juvenile Fiction Footprints International School Library Network Toul Kork Campus Footprints International School Library Network Toul Kork Campus TK Primary Library Room(4th Floor), Bookcase 7, Shelves 57-60, Dark Green Books 05/20/2024 5 SUS 546 2024-0653 03/19/2025 03/12/2025 2 05/20/2024 Books
    Dewey Decimal Classification     Juvenile Fiction Footprints International School Library Network Toul Kork Campus Footprints International School Library Network Toul Kork Campus TK Primary Library Room(4th Floor), Bookcase 7, Shelves 57-60, Dark Green Books 06/05/2025 1 SUS 546 PZ7 2025-1496 04/02/2026 03/26/2026 3 06/05/2025 Books
    Dewey Decimal Classification     Juvenile Fiction Footprints International School Library Network Toul Kork Campus Footprints International School Library Network Toul Kork Campus TK Primary Library Room(4th Floor), Bookcase 7, Shelves 57-60, Dark Green Books 06/05/2025 1 SUS 546 PZ7 2025-1497 09/10/2025 09/03/2025 4 06/05/2025 Books
    Dewey Decimal Classification     Juvenile Fiction Footprints International School Library Network Toul Kork Campus Footprints International School Library Network Toul Kork Campus TK Primary Library Room(4th Floor), Bookcase 7, Shelves 57-60, Dark Green Books 06/05/2025 2 SUS 546 PZ7 2025-1498 10/02/2025 09/04/2025 5 06/05/2025 Books
    Dewey Decimal Classification     Juvenile Fiction Footprints International School Library Network Toul Kork Campus Footprints International School Library Network Toul Kork Campus TK Primary Library Room(4th Floor), Bookcase 1&2, Shelves 1-16, Dark Blue Books 10/01/2025 3 SUS 546 2025-4449 04/23/2026 04/09/2026 11 10/01/2025 Books
    Dewey Decimal Classification     Juvenile Fiction Footprints International School Library Network Toul Tom Poung Campus Footprints International School Library Network Toul Tom Poung Campus TTP Primary Dark Blue Bookshelves 06/12/2025 1 SUS 546 2025-1605 10/03/2025 09/19/2025 6 06/12/2025 Books
    Dewey Decimal Classification     Juvenile Fiction Footprints International School Library Network Toul Tom Poung Campus Footprints International School Library Network Toul Tom Poung Campus TTP Primary Dark Blue Bookshelves 06/12/2025 2 SUS 546 2025-1616 10/31/2025 10/24/2025 7 06/12/2025 Books
    Dewey Decimal Classification     Juvenile Fiction Footprints International School Library Network Toul Tom Poung Campus Footprints International School Library Network Toul Tom Poung Campus TTP Primary Dark Blue Bookshelves 06/12/2025 2 SUS 546 2025-1617 10/17/2025 10/10/2025 8 06/12/2025 Books
    Dewey Decimal Classification     Juvenile Fiction Footprints International School Library Network Toul Tom Poung Campus Footprints International School Library Network Toul Tom Poung Campus TTP Primary Dark Blue Bookshelves 06/13/2025 1 SUS 546 2025-1629 10/17/2025 10/10/2025 9 06/13/2025 Books
    Dewey Decimal Classification     Juvenile Fiction Footprints International School Library Network Toul Tom Poung Campus Footprints International School Library Network Toul Tom Poung Campus TTP Primary Dark Blue Bookshelves 06/13/2025 1 SUS 546 2025-1630 01/23/2026 01/16/2026 10 06/13/2025 Books